| 000 | 01224nam a2200289 a 4500 | ||
|---|---|---|---|
| 999 |
_c357961 _d357961 |
||
| 001 | 000000371288 | ||
| 003 | IT-MiSPE | ||
| 005 | 20180802135907.0 | ||
| 008 | 090603s2009 it 000 0 ita d | ||
| 020 |
_a9788837223274 _c18.00 EUR |
||
| 040 |
_aIT-MiSPE _bita _dfcg _cIT-MiSPE |
||
| 082 | _a193-HEG ge le (23188) | ||
| 100 | 1 |
_aHegel, Georg Wilhelm Friedrich, _d1770-1831. _eautore _957333 |
|
| 240 | 1 | 0 |
_aVorlesungen über die Beweise von Daseyn Gottes. _lita |
| 245 | 1 | 0 |
_aLezioni sulle prove dell'esistenza di Dio / _cGeorg Wilhelm Friedrich Hegel ; a cura di Adriano Tassi. |
| 260 |
_aBrescia : _bMorcelliana, _c2009. |
||
| 300 |
_a268 p. ; _c19 cm |
||
| 490 | 1 |
_aIl pellicano rosso. _aNuova serie ; _v087 |
|
| 500 | _aTit. orig.: Vorlesungen über die Beweise von Daseyn Gottes | ||
| 504 | _aBibliografia: p. 37 | ||
| 655 | 7 |
_aFilosofi di lingua tedesca. Generalità e filosofi fino al 1920 _xFilosofi 1801-1920: Hegel Georg Wilhelm Friedrich, 1770-1831. Opere. _2local _957329 |
|
| 655 | 7 |
_aFilosofia. Teologia naturale _xDio: esistenza e prove. _2local _957334 |
|
| 700 | 1 |
_aTassi, Adriano, _eed. _957335 |
|
| 830 | 3 |
_aIl pellicano rosso. _pNuova serie ; _v087. _957336 |
|
| 942 |
_2ddc _cBK |
||